Starnutie populácie - výzva pre nové stratégie

Gespeichert in:
Bibliographische Detailangaben
1. Verfasser: Michalová, Valéria
Format: Buchkapitel
Sprache:Slowakisch
Schlagworte:
Tags: Tag hinzufügen
Keine Tags, Fügen Sie das erste Tag hinzu!

MARC

LEADER 00000naa$a2200000$$$4500
001 0086338
005 20250716092318.5
041 0 |a slo 
044 |a SK 
245 1 0 |a Starnutie populácie - výzva pre nové stratégie  |c Valéria Michalová 
610 2 0 |a výživa 
610 2 0 |a zdravie 
610 2 0 |a starnutie populácie 
100 1 |a Michalová, Valéria